Software for geomatics (Record no. 77949)

MARC details
000 -LEADER
fixed length control field 00900cab a2200193 4500
001 - CONTROL NUMBER
control field ##L135585
008 - FIXED-LENGTH DATA ELEMENTS--GENERAL INFORMATION
fixed length control field 061110n2006 000 0 eng u
035 ## - SYSTEM CONTROL NUMBER
System control number (Sirsi) u135585
041 0# - LANGUAGE CODE
Language code of text/sound track or separate title eng
100 1# - MAIN ENTRY--PERSONAL NAME
Personal name Arthur, John
245 00 - TITLE STATEMENT
Title Software for geomatics
Remainder of title 75 packages offer diversity and increasing functionality
260 ## - PUBLICATION, DISTRIBUTION, ETC.
Date of publication, distribution, etc. 2006
490 #0 - SERIES STATEMENT
Series statement Engineering Surveying Showcase
Volume/sequential designation 2006 (2) 21-41(19)
520 ## - SUMMARY, ETC.
Summary, etc. Reviews and analyses 75 software products relevant to data capture, data processing, data modelling and design for surveying and civil engineering applications. The report aims at providing up-to-date coverage and looks at the cost, training and technical aspects. Provides synoptic tables and a detailed list of suppliers, developers and resellers.
590 ## - LOCAL NOTE (RLIN)
Local note IKA141106
651 #4 - SUBJECT ADDED ENTRY--GEOGRAPHIC NAME
Geographic name United Kingdom
Chronological subdivision
690 ## - LOCAL SUBJECT ADDED ENTRY--TOPICAL TERM (OCLC, RLIN)
Topical term or geographic name as entry element ENVIRONMENTAL AND LAND CONSULTANCY-GEOMATICS
942 ## - ADDED ENTRY ELEMENTS (KOHA)
Suppress in OPAC 0
Holdings
Withdrawn status Lost status Source of classification or shelving scheme Damaged status Not for loan Home library Current library Shelving location Date acquired Total Checkouts Full call number Barcode Date last seen Copy number Price effective from Koha item type
    Dewey Decimal Classification     London London Journal article 10/11/2006   L135585 135585-1001 06/08/2019 1 06/08/2019 Journal article